00277 a2200121 4500001000700000020001800007040001100025100003000036240003900066245003400105300000700139362000900146171897 a85-10-00410-2 cMagnum aCastro, Maria da Glória10aQuem roubou minha infância?lpor10aQuem roubou minha infância? a390 a1985